| 000 | 00814nam a22002177a 4500 | ||
|---|---|---|---|
| 999 |
_c7571 _d7571 |
||
| 003 | AR-CdUCM | ||
| 008 | 190320b ||||| |||| 00| 0 spa d | ||
| 020 | _a968-24-4589-2 | ||
| 040 |
_aMUNICIPALIDAD PROVINCIAL DEL CUSCO _cBIBLIOTECA MUNICIPAL DEL CUSCO |
||
| 082 |
_22ed. _a582.16 / _bV66 |
||
| 100 |
_aVillarreal Quintanilla, José Angel _921384 |
||
| 245 | _aIntroducción a la botánica forestal / | ||
| 260 |
_aMéxico, D.F : _bTrillas, _c1993. |
||
| 300 |
_a151 páginas ; _bfiguras, _c23 cm. |
||
| 505 | _aContenido: Morfología vegetal -- Gymnospermas -- Angiospermas -- Principales tipos de vegetación -- Elaboración de una colección botánica. | ||
| 650 |
_aBotánica _92790 |
||
| 650 |
_aBosques y silvicultura _919325 |
||
| 650 |
_aClasificación _921385 |
||
| 942 |
_2ddc _cLIBROS |
||
| 945 | _aachl | ||